| 000 | 00619nam a22001697a 4500 | ||
|---|---|---|---|
| 008 | 090420t xxu||||| |||| 00| 0 eng d | ||
| 020 | _a0895793032 | ||
| 050 |
_aBR1458 _b.B89 1994 |
||
| 100 | _aNambala, Shekutaamba | ||
| 245 |
_aHistory of the church in Namibia _cShekutaamba Nambala; edited by Oliver K. olson |
||
| 260 |
_aUSA _bLutheran Quarterly _c1994 |
||
| 300 |
_a170p. ; _c23cm |
||
| 500 | _aIncludes bibliographical references | ||
| 650 |
_2Namibia _xChurch history |
||
| 942 |
_2lcc _cBK |
||
| 999 |
_c34408 _d34408 |
||